000
00326nam a2200145Ia 4500
100
_a
Frain/Ben
650
_a
webdesign
942
_c
BK
366
_f
20
654
_a
web design
245
_a
Responsive Web Design with HTML 5 and CSS 3
260
_b
Packt pub
_c
2012
082
_a
4.65
_b
FRA
546
_a
ENGLISH
_c
Computers
999
_c
20892
_d
20892